| 000 | 00623na a2200229 4500 | ||
|---|---|---|---|
| 001 | 18782 | ||
| 003 | MIRAKIL | ||
| 005 | 20181213155045.0 | ||
| 008 | 161127b tu 000 0 | ||
| 020 | _a975714528X | ||
| 040 |
_aMilas _btur _cTR-AnCHP |
||
| 041 | _atur | ||
| 082 |
_a322.43 _bŞ23d 1997 |
||
| 090 | _a322.43 Ş23d 1997 | ||
| 100 | _aŞahhüseyinoğlu, H. Nedim | ||
| 245 |
_aDemokratik kitle örgütleri ve işlevi _cH. Nedim Şahhüseyinoğlu |
||
| 260 |
_aAnkara _bÜrün Yayınları _c1997 |
||
| 300 |
_a96 s. _c20 sm. |
||
| 504 | _aKaynakça var | ||
| 650 | _aKitle örgütleri | ||
| 942 |
_2ddc _cBKS |
||
| 999 |
_c5739 _d5739 |
||